书目信息 |
| 题名: |
上海视觉艺术学院2013届优秀毕业作品集
|
|
| 作者: | ;上海视觉艺术学院 编 | |
| 分册: | ||
| 出版信息: | 上海 上海科学技术文献出版社 2013.08 |
|
| 页数: | 170页 | |
| 开本: | 29cm | |
| 丛书名: | ||
| 单 册: | ||
| 中图分类: | J121 | |
| 科图分类: | ||
| 主题词: | 艺术--作品集--中国--现代 , 艺术 | |
| 电子资源: | ||
| ISBN: | 978-7-5439-5936-1 | |
| 000 | 00902nam0 2200253 450 | |
| 001 | 0120131145450 | |
| 005 | 20140610110958.21 | |
| 010 | @a978-7-5439-5936-1@dCNY88.00 | |
| 100 | @a20131108d2013 em y0chiy0110 ea | |
| 101 | 0 | @achi@aeng |
| 102 | @aCN@b310000 | |
| 105 | @aa z 000yy | |
| 106 | @ar | |
| 200 | 1 | @a上海视觉艺术学院2013届优秀毕业作品集@9shang hai shi jue yi shu xue yuan 2013 jie you xiu bi ye zuo pin ji@f上海视觉艺术学院编 |
| 210 | @a上海@c上海科学技术文献出版社@d2013.08 | |
| 215 | @a170页@c图@d29cm | |
| 330 | @a本书主要内容包括:美术学院、设计学院、时尚设计学院、新媒体艺术学院、表演艺术学院、文化创意产业管理学院。 | |
| 333 | @a高校艺术专业相关师生 | |
| 606 | 0 | @a艺术@x作品集@y中国@z现代 |
| 606 | 0 | @a艺术 |
| 690 | @aJ121@v5 | |
| 711 | 02 | @a上海视觉艺术学院@9shang hai shi jue yi shu xue yuan@4编 |
| 801 | 0 | @aCN@b人天书店@c20131108 |
| 905 | @b846602-04@dJ121@e107@f3 | |
| 上海视觉艺术学院2013届优秀毕业作品集/上海视觉艺术学院编.-上海:上海科学技术文献出版社,2013.08 |
| 170页:图;29cm |
| 使用对象:高校艺术专业相关师生 |
| ISBN 978-7-5439-5936-1:CNY88.00 |
| 本书主要内容包括:美术学院、设计学院、时尚设计学院、新媒体艺术学院、表演艺术学院、文化创意产业管理学院。 |
| ● |
| 相关链接 |
|
|
|
|
正题名:上海视觉艺术学院2013届优秀毕业作品集
索取号:J121/107
 
预约/预借
| 序号 | 登录号 | 条形码 | 馆藏地/架位号 | 状态 | 备注 |
| 1 | 846602 | 208466024 | 第一样本阅览室/ [索取号:J121/107] | 在馆 | |
| 2 | 846603 | 208466033 | 第一借阅区/ [索取号:J121/107] | 在馆 | |
| 3 | 846604 | 208466042 | 第一借阅区/ [索取号:J121/107] | 在馆 |